000 01165nam a2200301 c 4500
003 BLK
005 20240618120319.0
008 180408b bul|||||r ||||||| ||bul||
010 _aKNG00078167000
020 _a978-954-733-525-7
_bиздат.: Прозорец
040 _aBLK
041 _aBUL
_cBUL
080 _aАнглоканадска литература
_b821.111(71)
_x-31
_z821.111(71)-31
100 1 _aГилмор, Дейвид
_eпърви автор
_9296561
700 1 _aИгнатовски, Калоян Първанов
_eпрев.
_qпрев. от англ. ; поет
_9368761
139 _aГилмор, Дейвид
_bГ 47
245 1 0 _aИдеална нощ да идеш в Китай
_cДейвид Гилмор; прев. Калоян Първанов Игнатовски.
257 _aBGR
260 София
_bПрозорец
_c2007
_fСофия : Инвестпрес
300 _a136 с.
_c20 см
380 _aX
852 _aЦб 235960
856 4 _qpdf
_u
856 4 _qpdf
_u
942 _cKNG
_n0
_08
944 _aCR
_c09.10.2007
_k30564
_lГалина Якимова
944 _aED
_c16.06.2008
_k
999 _c73772
_d73772